Представление документа в формате RUSMARC

Поле Инд. ПП Название Значение
Тип записи a
Библиографический уровень a
001 Контрольный номер 1c9f9d0d877e4dbf9a62d284c6faff32
005 Дата корректировки 20200407131656.7
100 a Данные общей обработки 20191010 ||| 0rusy0189 ca
101 0_ a Язык текста rus
102 a Страна публикации RU
200 1_ f Первые сведения об ответственности Е.А. Шаталов, Р.И. Седнев
a Заглавие Проблемы квалификации невыплаты заработной платы и иных установленных законом выплат
b Общее обозначение материала Текст
210 1_ d Дата издания 2019
461 _0 1 2000
a Российская юстиция
463 _0 1 2000
a № 6
v С. 25-28
1 2101
d 2019
1 001e743adf5b57b4281beea2086c472ba79
606 a Основная рубрика Право. Юридические науки
x Основная подрубрика Уголовное право
610 0_ a Ключевые слова КВАЛИФИКАЦИЯ ПРЕСТУПЛЕНИЯ
a Ключевые слова СУБЪЕКТ ПРЕСТУПЛЕНИЯ
a Ключевые слова ОПЛАТА ТРУДА
700 _1 a Фамилия Шаталов
b Имя Е.А.
701 _1 a Фамилия Седнев
b Имя Р.И.
801 _0 a Страна RU
b Организация РГУП
c Дата составления 20191010
g Правила каталогизации PSBO
801 _1 a Страна RU
b Организация РГУП
c Дата составления 20191010
g Правила каталогизации PSBO
901 t Тип документа b
w Контрольный № источника e743adf5b57b4281beea2086c472ba79
905 a Дата ввода 20191010